00760nam a2200169 a 450000100100000000500170001000800410002704000250006810000420009324501060013524600800024126000770032130000210039870000490041995201050046899900170057300003697220200930080045.0120207s1986 pr 000 0 spa d aDO-SdBNPbspacBNPHU1 aJara Jiménez, Cronwell Jorge96335713aPremio copé de cuento 1985 /cronwell Jorge Jara Jiménez ; prólogo Carlos Arellana Quintanilla.14aLa fuga de Agamenon Castro y los cuentos ganadores del premio copé:b1985 aLima, Perú :bPetroperu. Departamento de Relaciones Públicas,c1986. a301 p. ;c21 cm.1 aArellana Quintanilla, Carlosepról.963358 001050718MOaGRbGRcCTd2012-02-07iLF1l0o p36972-10r2020-06-25w2020-06-25y1ZNo se presta c36462d36462